Alfredo Valenzuela Puelma: 1856, 1909
Guardat en:
| Autor principal: | |
|---|---|
| Format: | Llibre |
| Idioma: | espanyol |
| Publicat: |
Santiago
Direccion general de prisiones
1934
|
| Edició: | 1a. ed |
| Col·lecció: | <Los >grandes pintores
|
| Matèries: | |
| Etiquetes: |
Afegir etiqueta
Sense etiquetes, Sigues el primer a etiquetar aquest registre!
|
MARC
| LEADER | 00000nam a2200000 a 4500 | ||
|---|---|---|---|
| 001 | UCJ4194 | ||
| 003 | CL-VaPUC | ||
| 008 | 070124e19340900CL |||||||||||||||||spa|d | ||
| 082 | 0 | 4 | |a 927 |b VAL |2 21 |
| 100 | |a Ossandón Guzmán, Carlos |e autor |9 507369 | ||
| 245 | 1 | 0 | |a Alfredo Valenzuela Puelma: 1856, 1909 |
| 250 | |a 1a. ed | ||
| 300 | |a 114 p | ||
| 942 | |c BK | ||
| 945 | |d 20070124 00:00:00 |a rinostro | ||
| 260 | |a Santiago |b Direccion general de prisiones |c 1934 | ||
| 500 | |a Reproducciones de cuadros del artista. Retrato del pintor, por Baca Flor, en la pág. 15 | ||
| 600 | 0 | 7 | |a VALENZUELA PUELMA, ALFREDO |2 CL-VaPUC |9 314449 |
| 650 | 0 | |a Pintores chilenos |9 345328 | |
| 650 | 0 | |a Pintura |9 265046 | |
| 650 | 7 | |a BIOGRAFIA |2 CL-VaPUC |9 504622 | |
| 650 | 0 | |a Exposiciones |9 265884 | |
| 650 | 0 | |a Iconografía |9 267998 | |
| 650 | 0 | |a Grafología |9 312247 | |
| 651 | 7 | |a CHILE |2 CL-VaPUC |9 507370 | |
| 583 | |a last modification |c 20070124 00:00:00 |k Rodrigo Vera | ||
| 490 | 0 | |a <Los >grandes pintores | |
| 999 | |c 320311 |d 320309 | ||
| 952 | |0 0 |1 0 |4 0 |6 927_000000000000000_VAL_1934 |7 0 |8 X |9 398808 |a FDOBUD |b FDOBUD |d 2019-11-22 |i 1015079 |o 927 VAL 1934 |p 1015079 |r 2019-11-22 |w 2019-11-22 |y BK_X |k BUD | ||